[Event "ESTCC U65 2018"]
[Site "Walbrzych"]
[Date "2018.04.20"]
[Round "7"]
[White "Scrimgour, Alan"]
[Black "Hohler, Peter"]
[Result "1/2-1/2"]
[WhiteElo "2083"]
[BlackElo "2076"]
[Annotator "NA"]
[PlyCount "33"]
[EventDate "2018.??.??"]
[EventCountry "POL"]
[SourceTitle "playchess.com"]
[Source "ChessBase"]
[SourceQuality "1"]
[WhiteTeam "Scotland"]
[BlackTeam "Switzerland"]
[WhiteTeamCountry "SCO"]
[BlackTeamCountry "SUI"]
[TimeControl "40/5400+30:1800+30"]

1. e4 {[%emt 0:00:00]} e5 {[%emt 0:00:21]} 2. f4 {[%emt 0:00:00]} exf4 {[%emt 0:00:19]} 3. Bc4 {[%emt 0:00:00]} Nf6 {[%emt 0:00:34]} 4. Nc3 {[%emt 0:00:19]} c6 {[%emt 0:00:37]} 5. d4 {[%emt 0:01:18]} d5 {[%emt 0:01:12]} 6. exd5 {[%emt 0:00:30]} cxd5 {[%emt 0:00:08]} 7. Bb3 {[%emt 0:00:12]} Nc6 {[%emt 0:04:33]} 8. Bxf4 {[%emt 0:06:53]} Bb4 {[%emt 0:13:03]} 9. Nge2 {[%emt 0:07:50]} Ne4 {[%emt 0:09:11]} 10. O-O {[%emt 0:07:15]} Bxc3 $1 {[%emt 0:03:12]} 11. Nxc3 $11 {[%emt 0:04:21]} Nxc3 {[%emt 0:00:31]} 12. bxc3 {[%emt 0:00:07]} O-O {[%emt 0:00:36]} 13. Qh5 {[%emt 0:03:07]} Be6 {[%emt 0:00:50]} 14. Rae1 {[%emt 0:02:23]} Qd7 {[%emt 0:18:31]} 15. Re3 {[%emt 0:11:15]} Rad8 {[%emt 0:05:03]} 16. Ba4 {[%emt 0:06:11]} f6 {[%emt 0:07:10]} 17. Qe2 {[%emt 0:08:40]} 1/2-1/2

[Event "ESTCC U65 2018"]
[Site "Walbrzych"]
[Date "2018.04.20"]
[Round "7"]
[White "Koskinen, Veikko"]
[Black "Vehkalahti, Veli"]
[Result "1/2-1/2"]
[WhiteElo "2012"]
[BlackElo "1880"]
[Annotator "NA"]
[PlyCount "39"]
[EventDate "2018.??.??"]
[EventCountry "POL"]
[SourceTitle "playchess.com"]
[Source "ChessBase"]
[SourceQuality "1"]
[WhiteTeam "Finland"]
[BlackTeam "Finland"]
[WhiteTeamCountry "FIN"]
[BlackTeamCountry "FIN"]
[TimeControl "40/5400+30:1800+30"]

1. e4 {[%emt 0:00:00]} d6 {[%emt 0:00:35]} 2. d4 {[%emt 0:03:01]} Nf6 {[%emt 0:00:11]} 3. Nc3 {[%emt 0:00:11]} Nbd7 {[%emt 0:01:54]} 4. Be3 {[%emt 0:01:03]} e5 {[%emt 0:02:22]} 5. Nf3 {[%emt 0:15:43] LiveBook: 14 Games} Be7 {[%emt 0:01:09]} 6. h3 {[%emt 0:02:20]} c6 {[%emt 0:00:35]} 7. a4 {[%emt 0:03:54]} Qc7 {[%emt 0:03:40]} 8. Be2 {[%emt 0:03:55]} O-O {[%emt 0:00:12]} 9. O-O {[%emt 0:00:04]} Re8 {[%emt 0:04:37]} 10. Nd2 {[%emt 0:09:14]} a6 {[%emt 0:03:39]} 11. a5 {[%emt 0:01:32]} exd4 {[%emt 0:03:07]} 12. Bxd4 {[%emt 0:00:17]} c5 {[%emt 0:02:15]} 13. Be3 {[%emt 0:00:54]} b5 {[%emt 0:01:47]} 14. axb6 {[%emt 0:00:44]} Nxb6 {[%emt 0:00:42]} 15. Bf4 {[%emt 0:04:35]} Bb7 $14 {[%emt 0:04:56]} 16. Bf3 {[%emt 0:07:17]} Nfd7 {[%emt 0:03:23]} 17. Nd5 {[%emt 0:04:37]} Bxd5 {[%emt 0:07:32]} 18. exd5 {[%emt 0:00:27]} Bf6 {[%emt 0:02:54]} 19. c3 {[%emt 0:07:15]} Be5 {[%emt 0:02:33]} 20. Bxe5 {[%emt 0:06:01]} 1/2-1/2

[Event "ESTCC U65 2018"]
[Site "Walbrzych"]
[Date "2018.04.20"]
[Round "7"]
[White "Carlsten, Peter"]
[Black "Olesen, Poul Erik Norgaard"]
[Result "1-0"]
[WhiteElo "2010"]
[BlackElo "2005"]
[Annotator "NA"]
[PlyCount "54"]
[EventDate "2018.??.??"]
[EventCountry "POL"]
[SourceTitle "playchess.com"]
[Source "ChessBase"]
[SourceQuality "1"]
[WhiteTeam "Sweden"]
[BlackTeam "Denmark"]
[WhiteTeamCountry "SWE"]
[BlackTeamCountry "DEN"]
[TimeControl "40/5400+30:1800+30"]

1. e4 {[%emt 0:00:14]} g6 {[%emt 0:00:09]} 2. d4 {[%emt 0:00:24]} Bg7 {[%emt 0:00:08]} 3. Nc3 {[%emt 0:00:17]} d6 {[%emt 0:00:33]} 4. Be3 {[%emt 0:00:11]} a6 {[%emt 0:00:55]} 5. Qd2 {[%emt 0:00:16]} Nd7 {[%emt 0:00:58]} 6. f3 {[%emt 0:00:40]} c6 {[%emt 0:01:46]} 7. g4 {[%emt 0:02:52]} b5 {[%emt 0:04:43]} 8. h4 {[%emt 0:02:23]} Qc7 {[%emt 0:08:32]} 9. h5 {[%emt 0:01:32]} Nb6 {[%emt 0:02:43]} 10. hxg6 {[%emt 0:03:53]} hxg6 {[%emt 0:05:34]} 11. Rxh8 {[%emt 0:00:25]} Bxh8 {[%emt 0:00:10]} 12. b3 {[%emt 0:04:49]} Bb7 {[%emt 0:15:06]} 13. a4 {[%emt 0:02:35]} b4 {[%emt 0:07:02]} 14. Nd1 {[%emt 0:01:21]} a5 {[%emt 0:03:50]} 15. Rc1 {[%emt 0:02:02]} Nf6 {[%emt 0:11:03]} 16. c3 {[%emt 0:01:21]} bxc3 $16 {[%emt 0:00:58]} 17. Nxc3 {[%emt 0:00:17]} Nfd7 {[%emt 0:05:01]} 18. Nh3 {[%emt 0:06:46]} e5 {[%emt 0:02:33]} 19. d5 {[%emt 0:03:31]} Nc5 {[%emt 0:03:52]} 20. dxc6 {[%emt 0:04:58]} Bxc6 {[%emt 0:11:11]} 21. Nb5 {[%emt 0:00:51]} Bxb5 {[%emt 0:00:52]} 22. Bxb5+ {[%emt 0:00:11]} Ke7 {[%emt 0:02:34]} 23. Qc3 {[%emt 0:02:42]} Rc8 {[%emt 0:02:44]} 24. Qxa5 {[%emt 0:01:02]} Nbd7 {[%emt 0:01:33]} 25. Qc3 {[%emt 0:01:42]} Bg7 {[%emt 0:01:21]} 26. b4 {[%emt 0:06:45]} Rh8 {[%emt 0:02:12]} 27. Nf2 {[%emt 0:01:29]} Bf8 1-0

[Event "ESTCC U65 2018"]
[Site "Walbrzych"]
[Date "2018.04.20"]
[Round "7"]
[White "Rantanen, Veikko"]
[Black "Patola, Eero"]
[Result "1/2-1/2"]
[WhiteElo "2007"]
[BlackElo "1823"]
[Annotator "NA"]
[PlyCount "52"]
[EventDate "2018.??.??"]
[EventCountry "POL"]
[SourceTitle "playchess.com"]
[Source "ChessBase"]
[SourceQuality "1"]
[WhiteTeam "Finland"]
[BlackTeam "Finland"]
[WhiteTeamCountry "FIN"]
[BlackTeamCountry "FIN"]
[TimeControl "40/5400+30:1800+30"]

1. c4 c5 2. Nc3 Nc6 3. Nf3 Nf6 4. g3 g6 5. Bg2 Bg7 6. O-O O-O 7. e3 d5 8. cxd5 {A38: Symmetrical English vs ...g6: 4 Bg2 Bg7 5 Nf3 Nf6} Nb4 (8... Nxd5 9. Nxd5 Qxd5 10. d4 Rd8 11. Qa4 Bd7 12. Qa3 cxd4 13. Nxd4 Qe5 14. Bd2 Nxd4 15. exd4 Qxd4 16. Bc3 Qa4 17. Qxe7 Bxc3 18. bxc3 {½-½ (72) Dimakiling,O (2404)-Li,B (2364) Hong Kong 2016}) 9. d4 cxd4 10. Nxd4 Nbxd5 11. Nxd5 Nxd5 12. Qb3 $146 ({Predecessor:} 12. e4 Nf6 13. Nb5 Bg4 14. f3 Be6 15. Rb1 Qb6+ 16. Kh1 Rad8 17. Qe2 Bc4 {1-0 (17) Pohl,M-Becker,N Wilhelmshaven 1998}) 12... e6 13. Rd1 Qb6 14. Qxb6 Nxb6 15. Bd2 Bxd4 16. exd4 Rd8 17. Bh6 f6 18. h4 Kf7 19. Rac1 $14 Nd5 20. a3 Ke7 21. Bxd5 Rxd5 22. Rc7+ Rd7 23. Rdc1 Kd8 24. Bf4 b6 25. Rxd7+ Bxd7 26. Kf1 Rc8 1/2-1/2

[Event "ESTCC U65 2018"]
[Site "Walbrzych"]
[Date "2018.04.20"]
[Round "7"]
[White "Lundgren, Ulf"]
[Black "Pushkov, Nikolai"]
[Result "1/2-1/2"]
[WhiteElo "1989"]
[BlackElo "2304"]
[Annotator "NA"]
[PlyCount "67"]
[EventDate "2018.??.??"]
[EventCountry "POL"]
[SourceTitle "playchess.com"]
[Source "ChessBase"]
[SourceQuality "1"]
[WhiteTeam "Sweden"]
[BlackTeam "Russia"]
[WhiteTeamCountry "SWE"]
[BlackTeamCountry "RUS"]
[TimeControl "40/5400+30:1800+30"]

1. d4 {[%emt 0:00:00]} Nf6 {[%emt 0:00:11]} 2. c4 {[%emt 0:00:00]} e6 {[%emt 0:00:09]} 3. Nc3 {[%emt 0:00:00]} Bb4 {[%emt 0:00:34]} 4. Qc2 {[%emt 0:03:13]} d5 {[%emt 0:01:01]} 5. Bg5 {[%emt 0:01:00]} h6 {[%emt 0:00:18]} 6. Bxf6 {[%emt 0:00:10]} Qxf6 {[%emt 0:00:03]} 7. e3 {[%emt 0:00:11]} O-O {[%emt 0:01:43]} 8. Nf3 {[%emt 0:00:09]} c5 {[%emt 0:07:00] D38: Queen's Gambit Declined: Ragozin Defence (4 Nf3 Bb4)} (8... dxc4 9. Bxc4 c5 10. O-O cxd4 11. Nxd4 {½-½ (11) Amin,B (2689)-Leko,P (2691) Riadh 2017}) 9. a3 {[%emt 0:00:25]} cxd4 {[%emt 0:04:55]} 10. axb4 {[%emt 0:06:28]} dxc3 {[%emt 0:00:17]} 11. Qxc3 {[%emt 0:00:41]} Qxc3+ {[%emt 0:12:41]} 12. bxc3 {[%emt 0:00:18]} dxc4 {[%emt 0:00:02]} 13. Bxc4 {[%emt 0:06:08]} Bd7 {[%emt 0:00:36]} 14. Be2 $146 {[%emt 0:00:18]} ({Predecessor:} 14. Ne5 Rc8 15. Ra3 Be8 16. Bd3 {0-1 (76) Gasparian,T (2208)-Mkrtchian,L (2401) Yerevan 2017}) 14... Rc8 {[%emt 0:07:06]} 15. c4 {[%emt 0:04:32]} Na6 {[%emt 0:05:58]} 16. Rb1 {[%emt 0:03:05]} f6 {[%emt 0:01:16]} 17. O-O {[%emt 0:02:52]} Kf7 {[%emt 0:02:08]} 18. Rfc1 {[%emt 0:03:37]} e5 {[%emt 0:04:22]} 19. Nd2 {[%emt 0:06:23]} Nc7 {[%emt 0:02:26]} 20. Ne4 {[%emt 0:08:30]} Ke7 {[%emt 0:01:36]} 21. Nc5 {[%emt 0:04:09]} Bf5 {[%emt 0:10:16]} 22. e4 {[%emt 0:06:18]} b6 {[%emt 0:01:43]} 23. exf5 {[%emt 0:01:25]} bxc5 {[%emt 0:00:03]} 24. b5 {[%emt 0:05:23]} Ne8 {[%emt 0:03:20]} 25. Bf3 {[%emt 0:01:57]} Rab8 {[%emt 0:01:08]} 26. Ra1 {[%emt 0:01:24]} Rc7 {[%emt 0:00:06]} 27. Bd5 {[%emt 0:00:39]} Nd6 {[%emt 0:04:17]} 28. g4 {[%emt 0:00:29]} Rd8 {[%emt 0:01:34]} 29. Rd1 {[%emt 0:02:25]} Nc8 {[%emt 0:00:17]} 30. Be6 {[%emt 0:03:07]} Rxd1+ {[%emt 0:00:28]} 31. Rxd1 $2 {[%emt 0:00:06]} Nd6 {[%emt 0:04:12]} 32. Bd5 {[%emt 0:02:43]} (32. Ra1 $16) 32... Nc8 {[%emt 0:00:42]} 33. Be6 {[%emt 0:00:10]} (33. Kg2 $18) 33... Nd6 {[%emt 0:01:50]} 34. Bd5 $11 {[%emt 0:00:07]} 1/2-1/2

[Event "ESTCC U65 2018"]
[Site "Walbrzych"]
[Date "2018.04.20"]
[Round "7"]
[White "Tichatschke, Wolfgang"]
[Black "Gustavsson, Bo"]
[Result "1/2-1/2"]
[WhiteElo "1967"]
[BlackElo "1915"]
[Annotator "NA"]
[PlyCount "31"]
[EventDate "2018.??.??"]
[EventCountry "POL"]
[SourceTitle "playchess.com"]
[Source "ChessBase"]
[SourceQuality "1"]
[WhiteTeam "Germany"]
[BlackTeam "Sweden"]
[WhiteTeamCountry "GER"]
[BlackTeamCountry "SWE"]
[TimeControl "40/5400+30:1800+30"]

1. e4 {[%emt 0:00:00]} c6 {[%emt 0:00:39]} 2. d4 {[%emt 0:00:00]} d5 {[%emt 0:00:02]} 3. Nc3 {[%emt 0:00:00]} dxe4 {[%emt 0:00:47]} 4. Nxe4 {[%emt 0:00:02]} Bf5 {[%emt 0:00:20]} 5. Ng3 {[%emt 0:00:11]} Bg6 {[%emt 0:00:19]} 6. Nf3 {[%emt 0:00:22]} Nf6 {[%emt 0:00:12]} 7. Bd3 {[%emt 0:01:27]} e6 {[%emt 0:00:23]} 8. O-O {[%emt 0:00:30]} Be7 {[%emt 0:00:18]} 9. Bg5 {[%emt 0:02:47]} Nbd7 {[%emt 0:02:58]} 10. Re1 {[%emt 0:05:14]} O-O {[%emt 0:00:33]} 11. Ne5 {[%emt 0:07:31]} Bxd3 {[%emt 0:00:47]} 12. Nxd3 {[%emt 0:02:30]} Nd5 {[%emt 0:06:40]} 13. Bxe7 {[%emt 0:02:34]} Nxe7 {[%emt 0:00:45]} 14. c3 {[%emt 0:03:42]} Nf6 $11 {[%emt 0:01:22]} 15. Qe2 {[%emt 0:01:32]} Ng6 {[%emt 0:06:21]} 16. Ne5 {[%emt 0:07:00]} 1/2-1/2

[Event "ESTCC U65 2018"]
[Site "Walbrzych"]
[Date "2018.04.20"]
[Round "7"]
[White "Grahn, Lars"]
[Black "Zhelnin, Vladimir V"]
[Result "0-1"]
[WhiteElo "1949"]
[BlackElo "2458"]
[Annotator "TA"]
[PlyCount "57"]
[EventDate "2018.??.??"]
[EventCountry "POL"]
[SourceTitle "playchess.com"]
[Source "ChessBase"]
[SourceQuality "1"]
[WhiteTeam "Sweden"]
[BlackTeam "Russia"]
[WhiteTeamCountry "SWE"]
[BlackTeamCountry "RUS"]

{[%evp 23,57,-47,-33,-45,-47,-44,-5,-16,-4,-10,0,-186,-201,-192,-196,-180,-179,-177,-166,-270,-231,-239,-239,-312,-314,-291,-252,-387,-390,-584,-584,-741,-745,-735,-718,-29992]} 1. d4 d6 2. c4 e5 3. Nf3 Nd7 4. Nc3 g6 5. g3 Bg7 6. Bg2 Ngf6 7. O-O O-O 8. b3 Re8 9. e3 c6 10. Qc2 Nf8 11. Bb2 e4 12. Nd2 d5 13. Rae1 $146 {E67: King's Indian: Fianchetto: 6...Nbd7} ({Predecessor:} 13. Rfc1 Bf5 14. cxd5 cxd5 15. b4 Ne6 16. Qb3 h5 17. b5 Qd7 18. Na4 b6 19. Nc3 Rad8 20. a4 h4 {1-0 (46) Fojtu,P (2115)-Ruzicka,Z (2161) Czechia 2007}) 13... Bf5 14. Qd1 Qd7 15. f3 {The position is equal.} exf3 16. Nxf3 Ng4 17. Nh4 $2 (17. Bc1 $1 $11) 17... Nxe3 $19 18. Rxe3 Rxe3 19. Nxf5 gxf5 20. cxd5 Rae8 21. Bh3 {[#]} (21. Na4 $142) 21... c5 $1 22. Bxf5 (22. dxc5 Bxc3) 22... Qd8 23. Qg4 Ng6 24. Nd1 R3e7 {[%cal Be3e7,Be7e2,Be2b2][%mdl 32]} 25. h4 (25. dxc5 {is a better defense.} Qxd5 26. Bxg7 Kxg7 27. Qc4 Qxc4 28. bxc4) 25... Qxd5 {And now ...Re2 would win.} 26. h5 (26. Bd3 {was worth a try.} Bxd4+ 27. Bxd4 Qxd4+ 28. Nf2) 26... Re2 {[%csl Ge2][%cal Rd5g2] [#] Black is clearly winning.} 27. Nf2 Rxb2 28. hxg6 hxg6 29. Ra1 0-1

[Event "ESTCC U65 2018"]
[Site "Walbrzych"]
[Date "2018.04.20"]
[Round "7"]
[White "Ranki, Martti"]
[Black "Lindholm, Pertti"]
[Result "1/2-1/2"]
[WhiteElo "1942"]
[BlackElo "1624"]
[Annotator "NA"]
[PlyCount "74"]
[EventDate "2018.??.??"]
[EventCountry "POL"]
[SourceTitle "playchess.com"]
[Source "ChessBase"]
[SourceQuality "1"]
[WhiteTeam "Finland"]
[BlackTeam "Finland"]
[WhiteTeamCountry "FIN"]
[BlackTeamCountry "FIN"]
[TimeControl "40/5400+30:1800+30"]

1. d4 {[%emt 0:00:00]} Nf6 {[%emt 0:00:13]} 2. c4 {[%emt 0:00:00]} e6 {[%emt 0:00:23]} 3. Nc3 {[%emt 0:01:17]} Bb4 {[%emt 0:00:36]} 4. Nf3 {[%emt 0:02:56]} d5 {[%emt 0:01:59]} 5. a3 {[%emt 0:00:58]} Bxc3+ {[%emt 0:00:28]} 6. bxc3 {[%emt 0:00:02]} dxc4 {[%emt 0:01:53] LiveBook: 7 Games} 7. Qa4+ {[%emt 0:00:20] D38: Queen's Gambit Declined: Ragozin Defence (4 Nf3 Bb4)} (7. e3 c5 8. Bxc4 Qc7 9. Be2 O-O 10. Bb2 b6 11. c4 cxd4 12. exd4 Nbd7 13. O-O Bb7 14. Re1 Rac8 {0-1 (24) Ivanchuk,V (2710)-Wojtaszek,R (2727) Huaian 2016}) 7... Nc6 {[%emt 0:02:47]} 8. Qxc4 {[%emt 0:01:27]} O-O {[%emt 0:01:38]} 9. Bg5 {[%emt 0:01:12]} Qd5 {[%emt 0:03:08]} 10. Qxd5 $146 {[%emt 0:04:18]} ({Predecessor:} 10. Qd3 Ne4 11. Bf4 Rd8 12. Bxc7 Rd7 13. c4 Qf5 14. Be5 {½-½ (14) Parrell Ferrer,R-Albert Garrote,A Valencia 1996}) 10... Nxd5 {[%emt 0:00:06]} 11. Rc1 {[%emt 0:01:00]} f6 {[%emt 0:02:31]} 12. Bd2 {[%emt 0:02:04]} e5 {[%emt 0:03:04]} 13. c4 {[%emt 0:07:12]} Nb6 {[%emt 0:02:50]} 14. c5 {[%emt 0:06:03]} Nd5 {[%emt 0:03:12]} 15. e4 {[%emt 0:03:33]} Nde7 {[%emt 0:04:01]} 16. Bc4+ {[%emt 0:03:41]} Kh8 {[%emt 0:00:14]} 17. d5 {[%emt 0:01:57]} Nd8 {[%emt 0:04:38]} 18. O-O {[%emt 0:01:14]} Bg4 {[%emt 0:02:18]} 19. Ne1 {[%emt 0:02:07]} Ng6 {[%emt 0:04:10]} 20. f3 {[%emt 0:02:56]} Bd7 $18 {[%emt 0:00:44]} 21. Nd3 {[%emt 0:01:02]} b5 {[%emt 0:05:26]} 22. Ba2 {[%emt 0:03:26]} c6 {[%emt 0:02:14]} 23. f4 {[%emt 0:09:32]} exf4 {[%emt 0:03:09]} 24. Nxf4 {[%emt 0:00:15]} Nxf4 {[%emt 0:01:01]} 25. Bxf4 {[%emt 0:04:42]} Re8 {[%emt 0:01:38]} 26. Rce1 {[%emt 0:01:41]} Nb7 {[%emt 0:03:40]} 27. Bd6 {[%emt 0:03:28]} a5 {[%emt 0:02:51]} 28. Rf4 {[%emt 0:04:00]} Nxd6 {[%emt 0:04:25]} 29. cxd6 {[%emt 0:00:11]} cxd5 {[%emt 0:00:40]} 30. Bxd5 {[%emt 0:01:20]} Ra6 {[%emt 0:02:35]} 31. Bf7 {[%emt 0:04:43]} Rc8 {[%emt 0:01:18]} 32. e5 {[%emt 0:04:02]} fxe5 {[%emt 0:00:47]} 33. Rxe5 {[%emt 0:00:28]} Rxd6 {[%emt 0:00:34]} 34. Be8 {[%emt 0:00:39]} h6 {[%emt 0:06:33]} 35. Bxd7 {[%emt 0:00:45]} Rxd7 {[%emt 0:00:07]} 36. Rxb5 {[%emt 0:00:17]} g5 {[%emt 0:02:14]} 37. Rf1 Rdc7 1/2-1/2

[Event "ESTCC U65 2018"]
[Site "Walbrzych"]
[Date "2018.04.20"]
[Round "7"]
[White "Gromark, Per-Olof"]
[Black "Baumbach, Friedrich"]
[Result "0-1"]
[WhiteElo "1901"]
[BlackElo "2172"]
[Annotator "NA"]
[PlyCount "26"]
[EventDate "2018.??.??"]
[EventCountry "POL"]
[SourceTitle "playchess.com"]
[Source "ChessBase"]
[SourceQuality "1"]
[WhiteTeam "Sweden"]
[BlackTeam "Germany"]
[WhiteTeamCountry "SWE"]
[BlackTeamCountry "GER"]
[TimeControl "40/5400+30:1800+30"]

1. Nf3 {[%emt 0:00:00]} d5 {[%emt 0:00:14]} 2. e3 {[%emt 0:00:00]} Nf6 {[%emt 0:00:15]} 3. c4 {[%emt 0:00:00]} e6 {[%emt 0:00:31]} 4. Nc3 {[%emt 0:00:08]} Be7 {[%emt 0:00:14]} 5. b3 {[%emt 0:00:11]} O-O {[%emt 0:00:18]} 6. Bb2 {[%emt 0:00:03]} b6 {[%emt 0:01:13]} 7. d4 {[%emt 0:01:51]} Ba6 {[%emt 0:01:53]} 8. Bd3 {[%emt 0:01:06]} Nbd7 {[%emt 0:03:44]} 9. cxd5 {[%emt 0:04:31]} Bxd3 {[%emt 0:01:37]} 10. dxe6 {[%emt 0:00:39]} Ba6 {[%emt 0:00:28]} 11. exd7 {[%emt 0:00:06]} Qxd7 {[%emt 0:00:03]} 12. Ne5 {[%emt 0:05:31]} Qf5 $11 {[%emt 0:05:58]} 13. Qf3 {[%emt 0:02:18]} Qc2 {[%emt 0:03:07]} 0-1

[Event "ESTCC U65 2018"]
[Site "Walbrzych"]
[Date "2018.04.20"]
[Round "7"]
[White "Karppinen, Martti"]
[Black "Lehtosaari, Kalevi"]
[Result "0-1"]
[WhiteElo "1894"]
[BlackElo "1964"]
[Annotator "NA"]
[PlyCount "106"]
[EventDate "2018.??.??"]
[EventCountry "POL"]
[SourceTitle "playchess.com"]
[Source "ChessBase"]
[SourceQuality "1"]
[WhiteTeam "Finland"]
[BlackTeam "Finland"]
[WhiteTeamCountry "FIN"]
[BlackTeamCountry "FIN"]
[TimeControl "40/5400+30:1800+30"]

1. c4 {[%emt 0:03:33]} c5 {[%emt 0:00:09]} 2. g3 {[%emt 0:00:24]} Nc6 {[%emt 0:00:06]} 3. Bg2 {[%emt 0:00:43]} Nf6 {[%emt 0:00:20]} 4. Nf3 {[%emt 0:01:21]} e5 {[%emt 0:01:23]} 5. d3 {[%emt 0:01:49]} d6 {[%emt 0:00:48]} 6. O-O {[%emt 0:01:27]} Be7 {[%emt 0:00:07]} 7. Nc3 {[%emt 0:03:13]} O-O {[%emt 0:00:16]} 8. b3 {[%emt 0:00:46] A34: Symmetrical English: 2 Nc3, lines with ...d5} (8. a3 a5 9. Bg5 Ne8 10. Bd2 Nc7 11. Ne1 Be6 12. Nd5 Rb8 13. Rb1 Bd7 14. Nb6 Bg4 15. Nc2 Ne6 16. Nd5 {½-½ (42) Bacrot,E (2705)-Fressinet,L (2702) Villandry 2012}) 8... Bg4 {[%emt 0:00:34]} 9. Bb2 {[%emt 0:01:39]} Qd7 {[%emt 0:00:26]} 10. Qd2 $146 {[%emt 0:04:50]} ({Predecessor:} 10. a3 h6 11. e3 Qf5 12. Nd5 Nxd5 13. cxd5 Nb8 14. Re1 Qh5 15. Rb1 f5 {0-1 (42) Hirsso,J (1947)-Lehtinen,P (2325) ICCF email 2010}) 10... Rad8 {[%emt 0:01:11]} 11. Rad1 {[%emt 0:02:00]} Rfe8 {[%emt 0:02:50]} 12. Kh1 {[%emt 0:02:25]} Bh3 {[%emt 0:01:14]} 13. Ng5 {[%emt 0:02:14]} Bxg2+ {[%emt 0:00:23]} 14. Kxg2 {[%emt 0:00:03]} h6 {[%emt 0:00:52]} (14... d5 $15) 15. Nge4 {[%emt 0:03:32]} Nd4 {[%emt 0:05:11]} 16. Nxf6+ {[%emt 0:07:13]} Bxf6 {[%emt 0:00:25]} 17. Nd5 {[%emt 0:09:50]} Bg5 {[%emt 0:01:28]} 18. e3 {[%emt 0:08:07]} h5 {[%emt 0:19:44]} 19. Qc3 {[%emt 0:08:49]} Nf5 {[%emt 0:12:51]} 20. Rde1 {[%emt 0:12:54]} Qc6 {[%emt 0:04:19]} 21. Kg1 {[%emt 0:00:49]} Bh6 {[%emt 0:03:23]} 22. f4 {[%emt 0:05:52]} Qd7 {[%emt 0:07:02]} 23. Kf2 {[%emt 0:02:27]} Ne7 {[%emt 0:00:59]} 24. Nxe7+ {[%emt 0:02:55]} Rxe7 {[%emt 0:00:11]} 25. Kg2 {[%emt 0:01:25]} Qg4 {[%emt 0:03:30]} 26. h3 {[%emt 0:02:56]} Qd7 {[%emt 0:02:29]} 27. f5 {[%emt 0:01:14]} d5 {[%emt 0:03:00]} 28. Bc1 {[%emt 0:03:06]} e4 {[%emt 0:07:30]} 29. dxe4 {[%emt 0:02:38]} Rxe4 {[%emt 0:00:11]} 30. Rd1 {[%emt 0:01:23]} d4 {[%emt 0:00:48]} 31. Qd3 {[%emt 0:02:19]} Qc6 {[%emt 0:01:20]} 32. Kh2 {[%emt 0:00:12]} Rde8 {[%emt 0:00:32]} 33. Rde1 {[%emt 0:01:30]} Bxe3 {[%emt 0:00:28]} 34. Bxe3 {[%emt 0:00:27]} Rxe3 {[%emt 0:00:03]} 35. Qd1 {[%emt 0:00:38]} h4 {[%emt 0:03:04]} 36. Rxe3 {[%emt 0:00:21]} Rxe3 {[%emt 0:00:02]} 37. gxh4 {[%emt 0:00:45]} Qe4 {[%emt 0:00:44]} 38. Qg4 {[%emt 0:00:25]} Re2+ {[%emt 0:00:49]} 39. Kg1 {[%emt 0:00:14]} f6 {[%emt 0:03:25]} 40. Qxe4 {[%emt 0:00:00]} Rxe4 {[%emt 0:00:01]} 41. Rf3 {[%emt 0:04:25]} Rxh4 {[%emt 0:00:28]} 42. a3 {[%emt 0:02:29]} Re4 {[%emt 0:01:58]} 43. Kf2 $19 {[%emt 0:00:17]} Kf7 {[%emt 0:00:11]} 44. b4 {[%emt 0:00:41]} b6 {[%emt 0:03:09]} 45. bxc5 {[%emt 0:00:22]} bxc5 {[%emt 0:00:40]} 46. Kg3 {[%emt 0:00:01]} Ke7 {[%emt 0:02:46]} 47. a4 {[%emt 0:02:58]} Kd6 {[%emt 0:00:19]} 48. Kg2 {[%emt 0:03:29]} Re2+ {[%emt 0:00:35]} 49. Kf1 {[%emt 0:00:23]} Ra2 {[%emt 0:00:05]} 50. Rg3 {[%emt 0:00:07]} Ke5 {[%emt 0:00:23]} 51. Rxg7 {[%emt 0:00:17]} Rxa4 {[%emt 0:00:02]} 52. Rc7 {[%emt 0:01:30]} Rxc4 {[%emt 0:00:10]} 53. Rxa7 {[%emt 0:00:13]} Kxf5 {[%emt 0:00:07]} 0-1